LEADER 01154nam1-2200409---450- 001 990001275040203316 005 20031124110118.0 035 $a000127504 035 $aUSA01000127504 035 $a(ALEPH)000127504USA01 035 $a000127504 100 $a20031124d1946----km-y0itay0103----ba 101 0 $aita 102 $aIT 105 $a||||||||001yy 200 1 $aProse$fGiovanni Pascoli 210 $aMilano$cMondadori$d1946- 215 $a3 v.$d23 cm 225 2 $a<> classici contemporanei italiani 410 0$12001$a<> classici contemporanei italiani 454 1$12001 461 1$1001-------$12001$aProse 463 \1$1001990001275000203316$12001 $a<> : Pensieri di varia umanità 676 $a853.7 700 1$aPASCOLI,$bGiovanni$0152621 702 1$aBIAGI,$bGuido 702 1$aLOPEZ,$bSabatino 702 1$aAUBEL,$bEnrico 801 0$aIT$bsalbc$gISBD 912 $a990001275040203316 951 $aV A Coll 15$bL.M.$cV A 959 $aBK 969 $aUMA 979 $aSIAV6$b10$c20031124$lUSA01$h1101 979 $aPATRY$b90$c20040406$lUSA01$h1731 996 $aProse$9151191 997 $aUNISA LEADER 03497nas 2201069-a 450 001 996204762403316 005 20230227213019.0 011 $a1468-0416 035 $a(DE-599)ZDB2036643-7 035 $a(OCoLC)40337415 035 $a(CKB)963017648104 035 $a(CONSER)--2002211512 035 $a(EXLCZ)99963017648104 100 $a19981117a19929999 s-- a 101 0 $aeng 135 $aurmnu|||||||| 181 $ctxt$2rdacontent 182 $cc$2rdamedia 183 $acr$2rdacarrier 200 10$aFinancial markets, institutions and instruments 210 $a[Oxford] $cBlackwell Publishers 215 $a1 online resource 300 $aRefereed/Peer-reviewed 311 $a0963-8008 531 $aFINANCIAL MARKETS, INSTITUTIONS AND INSTRUMENTS 531 0 $aFinanc. mark., inst. instrum. 606 $aFinancial services industry$vPeriodicals 606 $aSecurities industry$vPeriodicals 606 $aFinancial instruments$vPeriodicals 606 $aFinancial institutions$vPeriodicals 606 $aFinance$vPeriodicals 606 $aCapital market$vPeriodicals 606 $aFinances$vPériodiques 606 $aMarché financier$vPériodiques 606 $aInstitutions financières$vPériodiques 606 $aInstruments financiers$vPériodiques 606 $aServices financiers$vPériodiques 606 $aValeurs mobilières$xIndustrie$vPériodiques 606 $aFinancial Markets$2ebps 606 $aFinance$2fast$3(OCoLC)fst00924349 606 $aCapital market$2fast$3(OCoLC)fst00846356 606 $aFinancial institutions$2fast$3(OCoLC)fst00924636 606 $aFinancial instruments$2fast$3(OCoLC)fst00924708 606 $aFinancial services industry$2fast$3(OCoLC)fst00924738 606 $aSecurities industry$2fast$3(OCoLC)fst01110811 606 $amarché financier international$v[périodique]$v[document électronique]$2rero 606 $aFinansiella marknader$vperiodika$2sao 606 $aFinansiella tjänster$vperiodika$2sao 606 $aVärdepappershandel$vperiodika$2sao 608 $aRessources internet. 608 $aPériodiques. 608 $aPeriodicals.$2fast 608 $aPeriodicals.$2lcgft 610 $a0400ae 610 $a0450ae 610 $aBlackwellae 610 $aBibvir 610 $aFinance 610 $aFinancier 610 $aFinanciere 610 $aInstitution 610 $aInstrument 610 $aMarche 610 $aBlackwell 615 0$aFinancial services industry 615 0$aSecurities industry 615 0$aFinancial instruments 615 0$aFinancial institutions 615 0$aFinance 615 0$aCapital market 615 6$aFinances 615 6$aMarché financier 615 6$aInstitutions financières 615 6$aInstruments financiers 615 6$aServices financiers 615 6$aValeurs mobilières$xIndustrie 615 7$aFinancial Markets. 615 7$aFinance. 615 7$aCapital market. 615 7$aFinancial institutions. 615 7$aFinancial instruments. 615 7$aFinancial services industry. 615 7$aSecurities industry. 615 7$amarché financier international 615 7$aFinansiella marknader 615 7$aFinansiella tjänster 615 7$aVärdepappershandel 676 $a332 906 $aJOURNAL 912 $a996204762403316 996 $aFinancial markets, institutions and instruments$92096825 997 $aUNISA